The Cambridge companion to Tocqueville / (Record no. 120393)
[ view plain ]
| 000 -LEADER | |
|---|---|
| fixed length control field | 02638cam a22003614a 4500 |
| 001 - CONTROL NUMBER | |
| control field | 14089018 |
| 003 - CONTROL NUMBER IDENTIFIER | |
| control field | ARRUPE |
| 005 - DATE AND TIME OF LATEST TRANSACTION | |
| control field | 20141023020006.0 |
| 008 - FIXED-LENGTH DATA ELEMENTS--GENERAL INFORMATION | |
| fixed length control field | 050826s2006 enk b 001 0 eng |
| 010 ## - LIBRARY OF CONGRESS CONTROL NUMBER | |
| LC control number | 2005024955 |
| 020 ## - INTERNATIONAL STANDARD BOOK NUMBER | |
| International Standard Book Number | 9780521840644 (hardback) |
| 020 ## - INTERNATIONAL STANDARD BOOK NUMBER | |
| International Standard Book Number | 0521840643 (hardback) |
| 020 ## - INTERNATIONAL STANDARD BOOK NUMBER | |
| International Standard Book Number | 9780521549967 (pbk.) |
| 020 ## - INTERNATIONAL STANDARD BOOK NUMBER | |
| International Standard Book Number | 0521549965 (pbk.) |
| 040 ## - CATALOGING SOURCE | |
| Original cataloging agency | DLC |
| Transcribing agency | DLC |
| Modifying agency | DLC |
| 042 ## - AUTHENTICATION CODE | |
| Authentication code | pcc |
| 050 00 - LIBRARY OF CONGRESS CALL NUMBER | |
| Classification number | JC229.T8 |
| Item number | C36 2006 |
| 082 00 - DEWEY DECIMAL CLASSIFICATION NUMBER | |
| Classification number | 320/.092 |
| Edition number | 22 |
| 300 ## - PHYSICAL DESCRIPTION | |
| Dimensions | 23 cm. |
| 245 04 - TITLE STATEMENT | |
| Title | The Cambridge companion to Tocqueville / |
| Statement of responsibility, etc | edited by Cheryl B. Welch. |
| 260 ## - PUBLICATION, DISTRIBUTION, ETC. (IMPRINT) | |
| Place of publication, distribution, etc | Cambridge ; |
| -- | New York : |
| Name of publisher, distributor, etc | Cambridge University Press, |
| Date of publication, distribution, etc | 2006. |
| 300 ## - PHYSICAL DESCRIPTION | |
| Extent | xxvii, 428 p. ; |
| 504 ## - BIBLIOGRAPHY, ETC. NOTE | |
| Bibliography, etc | Includes bibliographical references (p. 397-412) and index. |
| 505 0# - FORMATTED CONTENTS NOTE | |
| Formatted contents note | Introduction : Tocqueville in the twenty-first century / Cheryl B. Welch -- Tocqueville's comparative perspectives / Seymour Drescher -- Tocqueville on 1789 : preconditions, percipitants, and triggers / Jon Elster -- Tocqueville's new political science / Harvey C. Mansfield, Jr. and Delba Winthrop -- Tocqueville, political philosopher / Pierre Manent -- Tocqueville's Democracy in America reconsidered / James T. Schleifer -- Translating Tocqueville : the constraints of classicism / Arthur Goldhammer -- The writer engagé : Tocqueville and political rhetoric / Laurence Guellec -- The shifting puzzles of Tocqueville's The old regime and the revolution / Robert T. Gannett, Jr -- Tocqueville and civil society / Dana Villa -- Tocqueville on threats to liberty in democracies / Melvin Richter -- Tocqueville on democratic religious experience / Joshua Mitchell -- Tocqueville on fraternity and fratricide / Cheryl B. Welch -- Tocqueville and the French / Françoise Mélonio -- Tocqueville and the Americans : Democracy in America as read in nineteenth century America / Olivier Zunz. |
| 600 10 - SUBJECT ADDED ENTRY--PERSONAL NAME | |
| Personal name | Tocqueville, Alexis de, |
| Dates associated with a name | 1805-1859. |
| 9 (RLIN) | 9814 |
| 650 #0 - SUBJECT ADDED ENTRY--TOPICAL TERM | |
| Topical term or geographic name as entry element | Political science |
| General subdivision | Philosophy. |
| 9 (RLIN) | 9815 |
| 700 1# - ADDED ENTRY--PERSONAL NAME | |
| Personal name | Welch, Cheryl B. |
| 9 (RLIN) | 9816 |
| 856 41 - ELECTRONIC LOCATION AND ACCESS | |
| Materials specified | Table of contents only |
| Uniform Resource Identifier | <a href="http://www.loc.gov/catdir/toc/ecip0518/2005024955.html">http://www.loc.gov/catdir/toc/ecip0518/2005024955.html</a> |
| 856 42 - ELECTRONIC LOCATION AND ACCESS | |
| Materials specified | Publisher description |
| Uniform Resource Identifier | <a href="http://www.loc.gov/catdir/enhancements/fy0633/2005024955-d.html">http://www.loc.gov/catdir/enhancements/fy0633/2005024955-d.html</a> |
| 856 42 - ELECTRONIC LOCATION AND ACCESS | |
| Materials specified | Contributor biographical information |
| Uniform Resource Identifier | <a href="http://www.loc.gov/catdir/enhancements/fy0733/2005024955-b.html">http://www.loc.gov/catdir/enhancements/fy0733/2005024955-b.html</a> |
| 906 ## - LOCAL DATA ELEMENT F, LDF (RLIN) | |
| a | 7 |
| b | cbc |
| c | orignew |
| d | 1 |
| e | ecip |
| f | 20 |
| g | y-gencatlg |
| 942 ## - ADDED ENTRY ELEMENTS (KOHA) | |
| Source of classification or shelving scheme | Library of Congress Classification |
| Koha item type | Monograph ( Printed materials) |
| Koha issues (borrowed), all copies | 1 |
| Withdrawn status | Lost status | Source of classification or shelving scheme | Damaged status | Not for loan | Collection code | Home library | Current library | Shelving location | Date acquired | Total Checkouts | Full call number | Barcode | Date last seen | Date checked out | Price effective from | Koha item type |
|---|---|---|---|---|---|---|---|---|---|---|---|---|---|---|---|---|
| Library of Congress Classification | Main Collection | ARRUPE LIBRARY | ARRUPE LIBRARY | Main Collection | 08/04/2014 | 1 | JC229.T8 C36 2006 | 46500001730 | 29/06/2018 | 22/10/2014 | 08/04/2014 | Monograph ( Printed materials) |